|
|
|
|
| LEADER |
01231nam a22002892a 4500 |
| 001 |
000047717 |
| 003 |
CZ BrMZK |
| 005 |
20140210082108.0 |
| 007 |
ta |
| 008 |
010907s1963 xr f f cze d |
| 015 |
|
|
|a cnb000519300
|
| 035 |
|
|
|a (OCoLC)32212438
|
| 040 |
|
|
|a BOA001
|b cze
|
| 100 |
1 |
|
|a Šlajer, Jaroslav,
|d 1920-1975
|7 jk01130424
|4 aut
|
| 245 |
1 |
0 |
|a Husitství v našem kraji :
|b západní Čechy v husitském revolučním hnutí /
|c Jaroslav Šlajer
|
| 250 |
|
|
|a 1. vyd.
|
| 260 |
|
|
|a Plzeň :
|b Krajské nakladatelství,
|c 1963
|
| 300 |
|
|
|a 125 s., příl.
|
| 490 |
1 |
|
|a Československá společnost pro šíření politických a vědeckých znalostí
|
| 500 |
|
|
|a Obsahuje rejstřík
|
| 830 |
|
0 |
|a Československá společnost pro šíření politických a vědeckých znalostí
|
| 856 |
4 |
1 |
|u http://www.digitalniknihovna.cz/mzk/uuid/uuid:c00b5fc0-3be4-11e3-ad71-005056827e52
|y Digitalizovaný dokument
|x NDK
|
| 910 |
|
|
|a BOA001
|b PK-0034.424
|b 2-0502.588
|
| 964 |
|
|
|a Husitství - Čechy západní - dějiny
|
| 990 |
|
|
|a BK
|
| 996 |
6 |
|
|b 2619050303
|c 2-0502.588
|l HP2
|r DEN
|n 1
|w 000047717
|u 000020
|a 1
|e BOA001
|j MZK50
|s P
|
| 996 |
7 |
|
|b 3119981881
|c PK-0034.424
|l MZK
|r Sklad / do 1 hodiny
|n 2
|w 000047717
|u 000010
|a 1
|e BOA001
|j MZK50
|s A
|